书目信息 |
| 题名: |
数据结构
|
|
| 作者: | 杨薇薇 , 张胜利 , 殷贤亮 编 | |
| 分册: | ||
| 出版信息: | 广州 中山大学出版社 2004.07 |
|
| 页数: | 330页 | |
| 开本: | 26cm | |
| 丛书名: | 新世纪高等学校计算机系列教材 | |
| 单 册: | ||
| 中图分类: | TP311.12 | |
| 科图分类: | ||
| 主题词: | 数据结构--shu ju jie gou--高等学校--教材 | |
| 电子资源: | ||
| ISBN: | 7-306-02312-8 | |
| 000 | 01100nam 2200277 450 | |
| 001 | 012006216571 | |
| 005 | 20060809084129.90 | |
| 010 | @a7-306-02312-8@dCNY29.00 | |
| 100 | @a20060809d2004 km y0chiy0120 ea | |
| 101 | 0 | @achi |
| 102 | @aCN@b440000@b110000 | |
| 105 | @aa z 000yy | |
| 106 | @ar | |
| 200 | 1 | @a数据结构@Ashu ju jie gou@f杨薇薇, 张胜利, 殷贤亮编@Fyang wei wei,zhang sheng li,yin xian liang bian |
| 210 | @a广州@c中山大学出版社@a北京@c高等教育出版社@d2004.07 | |
| 215 | @a330页@c图@d26cm | |
| 225 | 2 | @a新世纪高等学校计算机系列教材@Axin shi ji gao deng xue xiao ji suan ji xi lie jiao cai |
| 330 | @a本书主要内容包括线性表、数组、树、图、查找、排序、文件组织和若干拱选用的实验等。并且书中对各种数据结构及其算法均用类C语言给出了完整而又准确的描述。 | |
| 410 | 0 | @12001 @a新世纪高等学校计算机系列教材 |
| 606 | 0 | @a数据结构@Ashu ju jie gou@x高等学校@j教材 |
| 690 | @aTP311.12@v4 | |
| 701 | 0 | @a杨薇薇@Ayang wei wei@4编 |
| 701 | 0 | @a张胜利@Azhang sheng li@4编 |
| 701 | 0 | @a殷贤亮@Ayin xian liang@4编 |
| 801 | 0 | @aCN@bQSSK@c20060809 |
| 905 | @b597770-72@dTP311.12@eY297 | |
| 数据结构/杨薇薇, 张胜利, 殷贤亮编.-广州:中山大学出版社;北京:高等教育出版社,2004.07 |
| 330页:图;26cm.-(新世纪高等学校计算机系列教材) |
| ISBN 7-306-02312-8:CNY29.00 |
| 本书主要内容包括线性表、数组、树、图、查找、排序、文件组织和若干拱选用的实验等。并且书中对各种数据结构及其算法均用类C语言给出了完整而又准确的描述。 |
| ● |
| 相关链接 |
|
|
|
正题名:数据结构
索取号:TP311.12/Y297
 
预约/预借
| 序号 | 登录号 | 条形码 | 馆藏地/架位号 | 状态 | 备注 |
| 1 | 597770 | 205977709 | 期刊室512/301自科库 69排1列3层/ [索取号:TP311.12/Y297] | 在馆 | |
| 2 | 597771 | 205977718 | 期刊室512/301自科库 69排1列3层/ [索取号:TP311.12/Y297] | 在馆 | |
| 3 | 597772 | 205977727 | 自科二线404/301自科库 69排1列3层/ [索取号:TP311.12/Y297] | 在馆 |